La monarquía (Registro nro. 311774)

Detalles MARC
000 -ENCABEZADO
Número de control [NR] 01008cam a2200301 a 4500
005 - FECHA Y HORA DE LA ÚLTIMA TRANSACCIÓN
control field 20190409094557.0
008 - DE LONGITUD FIJA DE DATOS DE ELEMENTOS - INFORMACIÓN GENERAL
Elementos de longitud fija [NR] 190409s2007 sp 0 spa d
015 ## - NUMERO DE BIBLIOGRAFIA NACIONAL [R]
Número de bibliografía nacional [R] NNN
020 ## - NUMERO INTERNACIONAL NORMALIZADO PARA LIBROS [R]
ISBN Cancelado/ Invalidado [R] 8430917640
020 ## - NUMERO INTERNACIONAL NORMALIZADO PARA LIBROS [R]
Número Internacional Normalizado del libro [NR] 9788430946426 (4a.Ed.)
035 ## - NUMERO DE CONTROL DEL SISTEMA [R]
Número de control del sistema [NR] (Sirsi) 106669
040 ## - FUENTE DE CATALOGACION [NR]
Agencia de catalogación original [NR] CO-BoUCM
Idioma de catalogación [NR] spa
Quien Cataloga Saul Niño
Quien Clasifica Saul Niño
041 0# - CODIGO DE IDIOMA [R]
Código de idioma para texto/pista de sonido o título separado [R] Español
100 0# - ASIENTO PRINCIPAL--NOMBRE PERSONAL [NR]
Nombre personal [NR] Tomás
Títulos u otras palabras asociadas al nombre [R] de Aquino, Santo
Fechas asociadas con el nombre [NR] 1225-1274
ID Autoridad 859
245 13 - MENCION DE TITULO [NR]
Título [NR] La monarquía
Mención de responsabilidad, etc. [NR] Santo Tomas de Aquino ; traducción de Laureano Robles
250 ## - MENCION DE EDICION [NR]
Mención de edición [NR] Cuarta edición
260 ## - PUBLICACION, DISTRIBUCION, ETC. (PIE DE IMPRENTA) [R]
Lugar de publicación, distribución, etc. [R] Madrid
Nombre del editor, distribuidor, etc. [R] Tecnos
Fecha de publicación, distribución, etc. [R] 2007
300 ## - DESCRIPCION FISICA [R]
Extensión [R] 92 páginas
490 0# - MENCION DE SERIE [R]
Mención de serie [R] Colección clásicos del pensamiento
534 ## - NOTA DE VERSION ORIGINAL [R]
Mención de título del original [NR] De regno (1265-1267)
600 04 - ASIENTO SECUNDARIO DE MATERIA - NOMBRE PERSONAL [R]
Nombre personal [NR] Tomás de Aquino
Títulos y otras palabras asociadas con el nombre [R] Santo
Fechas asociadas con el nombre [NR] 1225-1274
Subdivisión general [R] Crítica e interpretación
9 (RLIN) 95957
650 #7 - ASIENTO SECUNDARIO DE MATERIA - TERMINO TEMATICO [R]
Término temático o nombre geográfico como elemento de entrada [NR] Estado
9 (RLIN) 7594
650 24 - ASIENTO SECUNDARIO DE MATERIA - TERMINO TEMATICO [R]
Término temático o nombre geográfico como elemento de entrada [NR] Monarquía
9 (RLIN) 19702
650 #7 - ASIENTO SECUNDARIO DE MATERIA - TERMINO TEMATICO [R]
Término temático o nombre geográfico como elemento de entrada [NR] Reyes y soberanos
Subdivisión general [R] Aspectos morales
9 (RLIN) 23780
700 1# - ASIENTO SECUNDARIO - NOMBRE PERSONAL [R]
Nombre personal [NR] Robles, Laureano
Fechas asociadas con el nombre [NR] 1933-
9 (RLIN) 95958
942 ## - ELEMENTOS DE ENTRADA AGREGADOS (KOHA)
Sistema de clasificación DEWEY
Tema principal Filosofía
Tipo de ítem principal el descrito en 300a Libro
Edición 4
Clasificación 189.4
Parte restante de la signatura top. T65m
Existencias
Total préstamos Signatura topográfica Código de barras Última vez visto Volúmen / Fascículo Ejemplar Costo de reposición Price effective from Tipo de ítem Perdido Sistema de clasificación Dañado No prestable Tipo de ítem específico Suprimido Ubicación habitual Ubicación actual Localización Fecha de creación Proveedor Forma de adquisición Costo
  189.4 T65m 100159620 05/12/2025 4a.Ed. Ej.1 43200.00 28/03/2019 Libro   DEWEY     Libro   Claustro Claustro 2do piso 28/03/2019 14 Compra 43200.00